Poznámka k asymptotickému chovaniu riešení istej triedy lineárnych diferenciálnych rovníc vyšších rádov

Bibliographic Details
Main Author: Moravčík, Jozef, 1934-2005 (Author)
Format: Article
Language:Slovak
PhysicalDescription:Res. rus., nem., angl.
Subjects:

MARC

LEADER 00000nab a2200000 a 4500
001 vtls000111323
003 SK-MaSNL
005 20260304013311.0
008 111031c1981 xo 0 slo
015 |a SNBRA19rr/mm-uuuuu 
035 |a CL0121426 
040 |a SNKBUCL  |b slo  |c SNKBUCL  |e AACR2 
041 0 |a slo 
044 |a xo  |c SK 
080 |a 517  |2 1981 
100 1 |a Moravčík, Jozef,  |d 1934-2005  |4 aut  |9 131611 
245 1 0 |a Poznámka k asymptotickému chovaniu riešení istej triedy lineárnych diferenciálnych rovníc vyšších rádov  |c Jozef Moravčík 
300 |a Res. rus., nem., angl. 
650 0 7 |a diferenciálne rovnice  |2 snkbucl  |9 63334 
655 7 |a články zo zborníkov  |2 snkbucl  |9 166140 
773 0 |t Práce a štúdie Vysokej školy dopravy a spojov v Žiline. Séria matematicko-fyzikálna. Zv. 4  |d Bratislava : Alfa, 1981  |g S. 21-27 
850 |a Slovenská národná knižnica v Martine  |a MTA001 
852 |a SNK  |b KIS3GCP 
958 |a RK 
992 |a RZB 
999 |c 2575224  |d 2577154